Most Beautiful First-Level Subdivisions according to ChatGPT - Statistics

General Stats
  • This quiz has been taken 36 times
  • The average score is 9 of 20
Answer Stats
Continent Answer % Correct
North America California
93%
North America Alaska
77%
North America British Columbia
67%
Oceania New South Wales
63%
Oceania Queensland
63%
North America Ontario
60%
Europe Catalonia
53%
North America Colorado
53%
North America Oregon
53%
Europe Bavaria
40%
Europe Provence-Alpes-Côte d'Azur
40%
Europe Tuscany
40%
North America Alberta
37%
Asia Hokkaido
27%
Europe Normandy
23%
North America Vermont
23%
Europe Galicia
20%
Asia Bali
17%
Africa Gauteng
13%
Asia Jeju Province
7%
No matching quizzes found
Score Distribution
Percent of People with Each Score
Percentile by Number Answered
Your Score History
You have not taken this quiz